| 000 | 00806nam a22003011 4500 | ||
|---|---|---|---|
| 999 |
_c200431435 _d49647 |
||
| 001 | 200431435 | ||
| 003 | TR-AnTOB | ||
| 005 | 20220805134601.0 | ||
| 007 | ta | ||
| 008 | 730116s1963 nyu e b 001 0 eng | ||
| 010 | _a 63013013 | ||
| 040 |
_aDLC _beng _erda _cDLC _dDLC _dTR-AnTOB |
||
| 041 | 0 | _aeng | |
| 050 | 0 | 4 |
_aHF5343 _b.M34 1963 |
| 090 |
_aHF5343 _b.M34 1963 |
||
| 100 | 1 |
_aMcGuire, Joseph William _eauthor _9138020 |
|
| 245 | 1 | 0 |
_aBusiness and society / _cJoseph W. McGuire. |
| 264 | 1 |
_aNew York : _bMcGraw-Hill, _c1963. |
|
| 300 |
_a312 pages ; _c21 cm |
||
| 336 |
_atext _btxt _2rdacontent |
||
| 337 |
_aunmediated _bn _2rdamedia |
||
| 338 |
_avolume _bnc _2rdacarrier |
||
| 504 | _aBIB | ||
| 650 | 0 |
_aBusiness _92282 |
|
| 942 |
_2lcc _cBK |
||